Gestión organizacional: elementos para su estudio

Gorde:
Xehetasun bibliografikoak
Egile nagusia: Rodríguez Mansilla, Dario (Egilea)
Formatua: Liburua
Hizkuntza:gaztelania
Argitaratua: Santiago Pontificia Universidad Católica de Chile 1991
Gaiak:
Etiketak: Etiketa erantsi
Etiketarik gabe, Izan zaitez lehena erregistro honi etiketa jartzen!

MARC

LEADER 00000nam a2200000 a 4500
001 UCW2846
003 CL-VaPUC
008 921125e19910000CL |||||||||||||||||spa|d
082 0 4 |a 658.1  |b ROD  |2 21 
100 0 |a Rodríguez Mansilla, Dario  |e author  |9 307183 
245 1 0 |a Gestión organizacional: elementos para su estudio 
300 |a 169 p 
942 |c BK 
945 |d 19921125 00:00:00 
260 |a Santiago  |b Pontificia Universidad Católica de Chile  |c 1991 
650 7 |a CONDUCTA ORGANIZACIONAL  |2 CL-VaPUC  |9 263671 
650 7 |a SOCIOLOGIA INDUSTRIAL  |2 CL-VaPUC  |9 307184 
650 0 |a Organización  |9 256369 
583 |a last modification  |c 19921125 00:00:00  |k Rodrigo Vera 
999 |c 217276  |d 217274 
952 |0 0  |1 0  |4 0  |6 658_100000000000000_ROD_1991  |7 0  |8 A  |9 204429  |a BIBGIM  |b BIBGIM  |d 2019-11-15  |i 2716593  |o 658.1 ROD 1991  |p 2716593  |r 2025-01-15  |w 2019-11-15  |y BK  |k COM 
952 |0 0  |1 0  |4 0  |6 658_100000000000000_ROD_1991  |7 0  |8 A  |9 204430  |a BIBGIM  |b BIBGIM  |d 2019-11-15  |i 2716607  |o 658.1 ROD 1991  |p 2716607  |r 2025-01-15  |w 2019-11-15  |y BK  |k COM 
952 |0 0  |1 0  |4 0  |6 658_100000000000000_ROD_1991  |7 0  |8 A  |9 204431  |a BIBENE  |b BIBENE  |d 2019-11-15  |i 2716615  |o 658.1 ROD 1991  |p 2716615  |r 2025-01-15  |w 2019-11-15  |y BK  |k ICO 
952 |0 0  |1 0  |4 0  |6 658_100000000000000_ROD_1991  |7 0  |8 A  |9 204432  |a BIBENE  |b BIBENE  |d 2019-11-15  |i 2716623  |o 658.1 ROD 1991  |p 2716623  |r 2025-01-15  |w 2019-11-15  |y BK  |k ICO 
952 |0 0  |1 0  |4 0  |6 658_100000000000000_ROD_1991  |7 0  |8 A  |9 204433  |a BIBENE  |b BIBENE  |d 2019-11-15  |i 2716631  |o 658.1 ROD 1991  |p 2716631  |r 2025-01-15  |w 2019-11-15  |y BK  |k ICO 
952 |0 0  |1 0  |4 0  |6 658_100000000000000_ROD_1991  |7 0  |8 A  |9 204434  |a BIBENE  |b BIBENE  |d 2019-11-15  |i 271664K  |o 658.1 ROD 1991  |p 271664K  |r 2025-01-15  |w 2019-11-15  |y BK  |k ICO 
952 |0 0  |1 0  |4 0  |6 658_100000000000000_ROD_1991  |7 0  |8 A  |9 204435  |a BIBENE  |b BIBENE  |d 2019-11-15  |i 2716658  |o 658.1 ROD 1991  |p 2716658  |r 2025-01-15  |w 2019-11-15  |y BK  |k ICO 
952 |0 0  |1 0  |4 0  |6 658_100000000000000_ROD_1991  |7 0  |8 A  |9 204436  |a BIBENE  |b BIBENE  |d 2019-11-15  |i 2716666  |o 658.1 ROD 1991  |p 2716666  |r 2025-01-15  |w 2019-11-15  |y BK  |k ICO 
952 |0 0  |1 0  |4 0  |6 658_100000000000000_ROD_1991  |7 0  |8 A  |9 204437  |a BIBENE  |b BIBENE  |d 2019-11-15  |i 2716674  |o 658.1 ROD 1991  |p 2716674  |r 2025-01-15  |w 2019-11-15  |y BK  |k ICO 
952 |0 0  |1 0  |4 0  |6 658_100000000000000_ROD_1991  |7 0  |8 A  |9 204438  |a BIBENE  |b BIBENE  |d 2019-11-15  |i 2716682  |o 658.1 ROD 1991  |p 2716682  |r 2025-01-15  |w 2019-11-15  |y BK  |k ICO 
952 |0 0  |1 0  |4 0  |6 658_100000000000000_ROD_1991  |7 0  |8 A  |9 204439  |a BIBENE  |b BIBENE  |d 2019-11-15  |i 2716690  |o 658.1 ROD 1991  |p 2716690  |r 2025-01-15  |w 2019-11-15  |y BK  |k ICO